[Event "Bonn GSK"]
[Site "Bonn"]
[Date "1996.??.??"]
[Round "?"]
[White "Gurevich, Mikhail"]
[Black "Kengis, Edvins"]
[Result "1/2-1/2"]
[WhiteElo "2605"]
[BlackElo "2560"]
[Annotator "Gurevich,M"]
[PlyCount "62"]
[EventDate "1996.08.??"]
[EventType "tourn"]
[EventRounds "12"]
[EventCountry "GER"]
[EventCategory "12"]
[SourceTitle "CBM 056"]
[Source "ChessBase"]
[SourceDate "1997.02.01"]
[SourceVersion "1"]
[SourceVersionDate "1997.02.01"]
[SourceQuality "1"]

1. c4 {Stohl} b6 2. d4 Bb7 3. Nc3 e6 4. a3 f5 5. d5 {[5.Nf3-64/79]} Nf6 (5...
Be7 6. Nf3 Nf6 7. g3 O-O 8. Bg2 Ne4 9. Bd2 Bf6 10. Rc1 Nd6 11. b3 e5 12. O-O
Na6 13. Ne1 Qe7 {1-0 Gastgofer V - Chernyshov Konstantin/Ch Russia club (4)
1995 (41)} 14. Nd3 $14) 6. g3 Na6 (6... Bd6 {Stohl This usually only
transposes.} 7. Bg2 O-O 8. Nf3 Qe7 9. O-O a5 10. Nd4 Na6 11. b3 Nc5 12. Bb2
Nfe4 13. Ndb5 Be5 14. b4 axb4 15. axb4 Na6 16. Nxe4 Bxb2 17. Rb1 fxe4 18. Rxb2
exd5 19. cxd5 Qe5 20. Rc2 Bxd5 21. Nxc7 Nxc7 22. Rxc7 Bc6 $1 $17 {Apel,S-Lau,R/
Dresden op/1995/}) (6... b5 $6 {Stohl} 7. Nf3 bxc4 8. dxe6 dxe6 9. Qa4+ Qd7 10.
Qxc4 Nc6 11. Bg2 Bd6 12. b4 Ne7 13. O-O Ned5 14. Bb2 O-O 15. Nd4 Qf7 {Mohr,
S-Bischoff,K/BL 9596/1995/} 16. Rfd1 $36 {[%csl Ra7,Rc7,Re6] ק}) (6... g6 {
Stohl} 7. Bg2 Bg7 8. Nh3 (8. Nf3 O-O 9. O-O Na6 10. Bf4 exd5 11. cxd5 Nc5 12.
Rc1 Nfe4 13. Be5 Bh6 14. e3 d6 15. Bd4 Ba6 16. b4 Bxf1 17. Bxf1 Nxc3 18. Bxc3
Ne4 19. Ba1 Qe7 20. Rc2 Rf7 21. Nd4 Bg7 22. Nb5 Bxa1 23. Qxa1 $44 {Kharitonov,
A-Morozevich,A/Moscow PCA-op 25'/1994/}) 8... O-O 9. O-O Na6 (9... a5 10. c5
Kh8 11. cxb6 cxb6 12. Bf4 Nxd5 13. Nxd5 Bxd5 14. Bxd5 exd5 15. Qxd5 Nc6 16.
Rad1 Bxb2 17. Rd3 Bf6 18. Rfd1 Qe8 19. Re3 Qf7 20. Qb5 $36 {Cramling,P-Gulko,B/
ESP-chT Oropesa del Mar/1996/}) 10. Rb1 Nc5 11. b4 Nce4 12. Bb2 exd5 13. cxd5
Nd6 14. Qb3 Kh8 15. Rbc1 Re8 16. Rfd1 Ng4 17. a4 a6 18. e3 Rc8 19. Nf4 Ne5 20.
Nce2 Ne4 21. Nd3 Qe7 22. Nxe5 Bxe5 23. Bxe4 fxe4 24. Rxc7 $1 $18 {Hjartarson,
J-Gretarsson,H/Reykjavik Olafsson/1995/}) 7. Bg2 (7. b4 $6 {Stohl Denying
Black's N c5, but costs valuable time.} c5 8. dxc6 dxc6 9. Bg2 Qxd1+ 10. Kxd1
Ng4 11. Nh3 Ne5 12. Ng5 O-O-O+ 13. Kc2 Re8 14. Kb3 h6 15. Nh3 Nc7 16. Bb2 Ng4
17. e4 c5 18. b5 Be7 19. Rae1 Bf6 20. f3 Ne5 21. Nf2 g5 22. Ne2 Rhf8 23. Bc3
fxe4 24. Nxe4 Bxe4 25. fxe4 Ng4 $17 {Lazarev,V-Lempert,I/Bled op/1994/}) 7...
Nc5 8. Nh3 {Stohl: White's N heads for f4, an important stronghold in this
type of positions.} (8. Nf3 {Stohl is weaker, e.g.} Nce4 9. O-O Nxc3 10. bxc3
Bc5 11. Nd4 O-O 12. dxe6 Bxg2 13. Kxg2 Ne4 14. Qc2 Qf6 15. exd7 Bxd4 16. cxd4
Qxd4 17. f3 Nc5 $10 {1/2,Apel,S-Blauert,J/2.BLN 9495/1995/}) 8... Bd6 9. O-O (
9. Nb5 {Stohl} Be5 10. Bf4 d6 11. Bxe5 dxe5 12. b4 Nce4 13. f4 O-O $1 14. fxe5
Ng4 15. Bxe4 fxe4 16. Nf4 exd5 17. cxd5 Rxf4 18. gxf4 Qh4+ 19. Kd2 Bxd5 20. Kc3
Qh3+ 21. Kb2 Ne3 22. Qd4 c5 $40 {Rychagov,A-Lempert,I/Moscow Alekhine mem op/
1996/ Black's original setup can't be refuted by such wild means.}) 9... Be5
10. Qc2 (10. Nb5 {Stohl is an ambitious attempt, but Black can hold his own by
good defence.} O-O (10... a6 11. f4 Bxb2 12. Nxc7+ Qxc7 13. Bxb2 O-O 14. Nf2
exd5 15. cxd5 Rae8 16. a4 d6 17. Rb1 Re3 18. Qd2 Qe7 19. Be5 Rxe5 20. fxe5 Qxe5
21. Rxb6 Bxd5 22. Rd1 Nxa4 23. Rxa6 $18 {Aleksandrov,A-Matveeva,S/St.
Petersburg op/1994/}) 11. Bf4 d6 12. Bxe5 dxe5 13. b4 Nce4 14. dxe6 Qe7 15. Qc2
a6 16. Nc3 Qxe6 17. Nxe4 fxe4 18. Ng5 Qg4 19. Nh3 a5 20. Rad1 Qh5 21. f3 axb4
22. axb4 Ra3 23. fxe4 Re3 24. Qc1 Rb3 25. Qd2 Bc8 26. Nf2 Be6 $44 {|^,Shneider,
A-Lempert,I/St.Petersburg op/1993/}) 10... O-O (10... Bxc3 11. Qxc3 O-O (11...
exd5 12. cxd5 O-O 13. Rd1 $14) 12. Nf4 $14) 11. Bd2 {TN(?) Gurevich comes up
with a new move, as Lempert's games show Black can hold his own against other
tries.} (11. Rd1) (11. Rd1 {Stohl} Qe7 12. Be3 Nce4 13. Nxe4 Nxe4 14. Rac1 c5
$1 (14... exd5 15. cxd5 Bd6 16. Bxe4 fxe4 17. Ng5 Rf5 18. Qxe4 Qf6 19. h4 g6
20. Bd4 Qf8 21. Qc2 Bxd5 22. e4 Rxg5 23. hxg5 Be6 24. Bf6 $18 {Gelfand,
B-Hamdouchi,H/Etoiles/1994/}) 15. dxe6 $6 (15. Bxe4 $5 fxe4 16. Ng5 {is the
critical alternative.}) 15... dxe6 16. Bf4 Bf6 17. Rd3 e5 18. Be3 g5 19. Rcd1
Rad8 20. Rxd8 Rxd8 21. Rxd8+ Qxd8 22. Qd3 h6 23. g4 Qxd3 24. exd3 Nd6 25. Bxb7
Nxb7 26. f3 e4 $1 $17 {Sher,M-Lempert,I/Erevan op/1996/}) (11. Nf4 {Stohl} Qe7
12. Be3 Nce4 13. Nxe4 Nxe4 14. Rad1 c5 15. Bc1 g5 16. Nd3 Bd4 17. e3 Bg7 18. f3
Nd6 19. e4 Bd4+ 20. Kh1 g4 21. exf5 gxf3 $1 (21... exd5 22. fxg4 Nxc4 23. Nf4
Qf7 24. b3 Nd6 25. Rxd4 cxd4 26. Qc7 Qe7 27. Nxd5 $18 {Petrosian,A-Hachian,M/
ARM-ch/1994/}) 22. Bxf3 Rxf5 23. Nf4 Raf8 24. Bg2 exd5 25. cxd5 Qg7 26. b4 R8f6
27. bxc5 bxc5 $13 {Naumkin,I-Lempert,I/Moscow/1994/}) 11... exd5 {A
double-edged decision, Black will compensate his pawn weaknesses by active
piece play.} (11... Nce4 {Stohl} 12. Nxe4 Nxe4 13. Bb4 Re8 14. Rfd1 Qf6 $132) (
11... Qe7 $5 $13 {Stohl}) 12. Nxd5 (12. Qxf5 {Stohl} Qe8 $5 (12... Bxc3 13.
Bxc3 Nfe4 $10) 13. cxd5 Nxd5 $15) (12. cxd5 $2 {Stohl} Bxc3 13. Bxc3 Nxd5 $17)
12... Nxd5 13. cxd5 (13. Bxd5+ {Stohl} Bxd5 14. cxd5 Qf6 $132) 13... Qf6 $6 (
13... Ne4 $5 14. Bb4 (14. Bxe4 fxe4 15. Qxe4 Bxb2 16. Ng5 g6 $13) 14... Re8 15.
Rfd1 Qf6 $132) 14. Bg5 $1 (14. Bc3 $6 {Stohl} Bxc3 15. bxc3 Rae8 $36 {[%csl
Gc5][%cal Ge8e2] <->e,><c5}) (14. Rab1 {Stohl} Ne4 15. Bb4 Rfe8 16. Rfd1 c5 $1
17. dxc6 dxc6 $13) 14... Qf7 15. Bf4 $14 (15. Rad1 {Stohl} Ne4 $36) 15... Bxf4
16. Nxf4 g5 $5 17. Nh3 (17. Nd3 Bxd5 18. Nxc5 Bxg2 19. Kxg2 Qd5+ $13) 17... h6
18. b4 Ne4 $5 (18... Na6 19. Rad1 {(/\20.f4)}) 19. Qxc7 Bxd5 {An interesting
position. Black's pawn structure is very shaky, but his pieces are active and
he has prospects both on the K-side and on the c-file. Also White's Nh3 is
especially poorly placed.} 20. Rad1 $6 (20. Qe5 Rae8 21. Qd4 Bc6 22. Rac1 $14)
(20. Rac1 {Stohl} Bc6 $5 $132 {[%cal Rf7a2,Rf8c8] /\Rfc8,Qa2}) 20... Qe6 $1 {
[/\21...Rfc8-+] /\Rfc8-+} (20... Rfc8 21. Qe5 $14 (21. Qe5 {Stohl} Bb3 22. Bxe4
fxe4 23. Rd6 $40)) 21. Qc1 Rac8 22. Qe3 Nc3 $1 $132 (22... Rc3 23. Rd3 $13) 23.
Bxd5 Nxd5 24. Qd3 Nc3 25. Rd2 (25. Qxd7 $2 {Stohl} Qe4 $1 $17 {[%cal Rc3d1,
Rc3e2] /\Ne2#,Nd1}) 25... Rfe8 (25... Ne4 $2 {Stohl} 26. Qxd7 $16) 26. Re1 (26.
e3 Ne4 27. Rdd1 Rc7 $36 {(/\28...f4)}) (26. Qxd7 {Stohl} Nxe2+ 27. Kg2 g4 28.
Qxe6+ Rxe6 29. Ng1 $10) 26... Ne4 (26... d5 27. f3 Qe3+ 28. Nf2 $13) 27. Rc2 f4
(27... Rxc2 {Stohl} 28. Qxc2 f4 29. Kg2 $8 fxg3 30. hxg3 d5 $10) 28. Rxc8 {
White practically must force a draw.} (28. Kg2 $2 Qxh3+ $1 29. Kxh3 Nxf2+ 30.
Kg2 Nxd3 $19) 28... Rxc8 29. f3 $1 $10 (29. Kg2 {Stohl} Qxh3+ $19) 29... Qxh3 (
29... fxg3 30. Qxe4 Qxh3 31. Qg6+ Kh8 $10) (29... Nc3 $6 {Stohl} 30. Nf2 {
[%csl Rf6,Rg6,Rh6] ׻}) 30. Qxe4 fxg3 31. Qg6+ Kh8 (31... Kf8 {Stohl} 32. Qf6+
Ke8 33. Qe5+ Kf7 34. hxg3 $10) (31... Kh8 {Stohl} 32. Qf6+ Kh7 33. Qf7+ $10)
1/2-1/2

[Event "Hoogovens op"]
[Site "Wijk aan Zee"]
[Date "1993.01.??"]
[Round "6"]
[White "Gurevich, Mikhail"]
[Black "Huzman, Alexander"]
[Result "1-0"]
[WhiteElo "2610"]
[BlackElo "2510"]
[Annotator "Gurevich,M"]
[PlyCount "99"]
[EventDate "1993.01.??"]
[EventType "swiss"]
[EventRounds "12"]
[EventCountry "NED"]
[SourceTitle "CBM 034"]
[Source "ChessBase"]
[SourceDate "1993.06.01"]
[SourceVersion "1"]
[SourceVersionDate "1993.06.01"]
[SourceQuality "1"]

1. c4 g6 2. Nc3 Bg7 3. d4 c5 4. d5 Bxc3+ 5. bxc3 f5 6. Nf3 $5 d6 7. g3 Qa5 8.
Qb3 $5 Nf6 9. Bg2 Nbd7 (9... Ne4 $6 10. Ng5 $14) 10. O-O Nb6 (10... Ne4 11. Ng5
Nxc3 (11... Qxc3 12. Nxe4 Qxb3 13. Nxd6+ exd6 14. axb3 $16) 12. Bb2 Nxe2+ 13.
Kh1 Nd4 14. Qe3 $36) 11. Bh6 $5 Ne4 12. Nd2 Nxd2 (12... Nxc3 13. Rae1 Nca4 14.
e4 $40) 13. Bxd2 Qa4 14. Rfe1 $1 Qxc4 15. e4 fxe4 16. Bxe4 $6 (16. Rxe4 Qxb3
17. axb3 Bf5 (17... Nxd5 $2 18. Rae1 $16 {/\ 19.c4}) 18. Re2 Kf7 19. Rae1 Rhe8
20. Bg5 Nc8 21. Re3 $36) 16... Qxb3 17. axb3 Kf7 18. c4 Nd7 $5 $13 {/\ 19...Nf6
} 19. Re3 $5 Nf6 20. Bg2 Bd7 21. h3 h5 22. Bc3 b6 23. Rae1 Rhe8 (23... Rae8
$142) 24. Rf3 $5 {/\ 25.Rxe7|^} Rf8 $1 25. Bd2 Rae8 26. Bh6 Rh8 27. Bg5 Rhf8
28. Rfe3 (28. Bh6 $10) 28... e5 29. dxe6+ Rxe6 30. Rxe6 Bxe6 31. Re3 Bf5 32.
Rf3 $5 {/\ 33.Bxf6, 34.g4} Kg7 33. Re3 Kf7 34. Rf3 Ne4 $5 35. Bh6 Rh8 36. Bc1
Nf6 $4 $138 (36... Re8 $1 $15 37. g4 $6 hxg4 38. hxg4 Nf6 39. gxf5 Re1+ 40. Kh2
Rxc1 41. fxg6+ Kxg6 42. Rd3 Rb1 $17) 37. Bb2 $18 Re8 38. Bxf6 Kxf6 39. g4 hxg4
40. hxg4 Re1+ 41. Kh2 Ke5 42. gxf5 gxf5 43. Rd3 Re2 44. Kg3 Rb2 45. f4+ Ke6 46.
Bb7 a5 47. Bc8+ Ke7 48. Bxf5 a4 49. bxa4 Rb4 50. Re3+ 1-0

[Event "Bundesliga 9900"]
[Site "Germany"]
[Date "1999.12.11"]
[Round "5.2"]
[White "Gurevich, Mikhail"]
[Black "Bischoff, Klaus"]
[Result "1-0"]
[WhiteElo "2643"]
[BlackElo "2509"]
[Annotator "Gurevich,M"]
[PlyCount "121"]
[EventDate "1999.10.09"]
[EventType "team-tourn"]
[EventRounds "15"]
[EventCountry "GER"]
[SourceTitle "CBM 073 Extra"]
[Source "ChessBase"]
[SourceDate "2000.01.11"]
[SourceVersion "1"]
[SourceVersionDate "2000.01.11"]
[SourceQuality "1"]
[WhiteTeam "Godesberg"]
[BlackTeam "Koenig Plauen"]
[WhiteTeamCountry "GER"]
[BlackTeamCountry "GER"]

1. d4 e6 2. c4 b6 3. a3 g6 4. Nc3 Bg7 5. Nf3 Ne7 6. Bg5 $5 {TN} (6. e4 O-O 7.
Be2 Bb7 8. d5 Na6 9. Bd2 f5 10. exf5 Nxf5 11. O-O c5 12. dxc6 Bxc6 13. b4 Nc7
14. Rc1 $14 {1-0 Novikov,I-Kengis,E/Koszalin 1998/CBM 65 ext (45)}) 6... h6 7.
Bh4 d6 8. e3 Nd7 9. Qc2 Bb7 10. O-O-O O-O 11. Be2 a6 $5 {[/\ 12...b5 <=> <<]}
12. d5 $5 Bxc3 (12... b5 $5 13. dxe6 fxe6 14. Bxe7 Qxe7 15. Qxg6 Bxf3 16. gxf3
Ne5 17. Qe4 $14) 13. Qxc3 exd5 14. cxd5 g5 15. Bg3 Nxd5 16. Qc2 $44 N5f6 17. h4
g4 18. Nd4 Bxg2 19. Rhg1 Be4 20. Bd3 Qe7 (20... Bxd3 21. Qxd3 Nc5 22. Qf5 $40)
21. Bf4 Nc5 (21... h5 22. f3 Bxd3 23. Qxd3 $44) 22. Bxe4 Qxe4 23. Bxh6 Qxc2+
24. Kxc2 Rfe8 25. f3 $14 {[/\26.Bg5|^>>]} Ne6 26. Nf5 Kh7 27. fxg4 Rg8 28. g5
Ne4 29. Rdf1 f6 30. Ne7 $1 Rge8 31. Nd5 $16 fxg5 32. hxg5 Kg6 33. Nf6 Nxf6 34.
Rxf6+ Kh7 35. Rh1 Kg8 36. g6 Re7 37. Rhf1 Rae8 38. Rf7 d5 39. Kd2 Kh8 40. R1f5
c6 41. Kd1 Kg8 42. R5f6 $18 Kh8 43. Kc1 (43. Rxe6 $1 Rxe6 44. Rf8+ Rxf8 45. g7+
$18) 43... Kg8 44. Kd2 Kh8 45. b3 Kg8 46. Kd1 Kh8 47. Rf5 Kg8 48. Kd2 Kh8 49.
Kc3 Kg8 50. a4 Kh8 51. Kb4 Kg8 52. Ka3 Kh8 53. Kb2 Kg8 54. Ka2 Kh8 55. Ka3 Kg8
56. Kb4 Kh8 57. a5 b5 58. Kc3 Kg8 59. b4 Kh8 60. Rxe7 Rxe7 61. Rf7 (61. Rf7 Re8
62. Ra7 $18) 1-0

[Event "Ghent op 22nd"]
[Site "Ghent"]
[Date "1999.??.??"]
[Round "?"]
[White "Gurevich, Mikhail"]
[Black "Mestrovic, Zvonimir"]
[Result "1-0"]
[WhiteElo "2643"]
[BlackElo "2466"]
[Annotator "Gurevich,M"]
[PlyCount "123"]
[EventDate "1999.07.??"]
[EventType "swiss"]
[EventRounds "9"]
[EventCountry "BEL"]
[SourceTitle "EXT 2003"]
[Source "ChessBase"]
[SourceDate "2002.11.25"]
[SourceVersion "1"]
[SourceVersionDate "2002.11.25"]
[SourceQuality "1"]

1. d4 Nc6 2. Bg5 h6 3. Bh4 g5 4. Bg3 Bg7 5. e3 e5 $1 {TN} (5... Nf6 6. Nc3 d6
7. h4 Bf5 8. Bb5 a6 9. Ba4 e6 10. Qe2 Nd7 11. O-O-O $36 {1-0 Vaganian,R-Henley,
R/Hastings 1982/MCD (37)}) 6. Nf3 (6. dxe5 $5 Nxe5 (6... d6 $6 7. exd6 Bxb2 8.
Nd2 $36) 7. Nc3 c6 {(/\ 8...d5, 8...Qb6, 8...Qa5)} 8. Qd6 $1 Qa5 (8... Qe7 9.
O-O-O Qxd6 10. Rxd6 Ne7 11. e4 $14) 9. O-O-O Ne7 10. e4 f5 $13) 6... d6 (6...
exd4 7. Nxd4 Nxd4 8. exd4 Qe7+ 9. Be2 Qb4+ 10. Nc3 $13) 7. dxe5 dxe5 8. Qxd8+
Kxd8 9. Nc3 Be6 10. O-O-O+ Kc8 11. h4 g4 12. Nd2 Nge7 13. Nde4 $5 b6 14. Ba6+
Kb8 {[/\ 15...Nb4]} 15. a3 Bc8 $1 16. Bc4 (16. Bxc8 Kxc8 17. f3 f5 18. Nf2 h5
$13) 16... f5 17. Nd2 Bb7 $6 (17... h5 $1 $13) 18. h5 $1 $14 {[/\ 19...Bh4, 20.
f3 |^>>]} a6 19. Bh4 Rf8 20. f3 Ka7 21. Rhf1 gxf3 (21... f4 22. e4 g3 23. Nd5
$14) 22. gxf3 Bf6 23. Bxf6 Rxf6 24. Rg1 {[/\ 25.Rg7]} b5 25. Ba2 Rd8 26. Rg7
Rfd6 27. Nf1 $1 Rxd1+ 28. Nxd1 f4 29. e4 Nd4 30. Nc3 Nec6 31. Nd2 b4 32. Nd5 (
32. axb4 Nxb4 33. Bb3 $14) 32... bxa3 33. bxa3 Ne2+ 34. Kb2 (34. Kd1 Ncd4 $132)
34... Nb8 (34... Ng3 35. Rxc7 Nxh5 36. Rh7 (36. Nc4) 36... Rd6 37. Nc4 Re6 38.
Nb4 $36) 35. Rxc7 Rd7 (35... Nd7 36. Nb3 Kb8 37. Rc4 {(/\ 38.Na5->)}) 36. Rxd7
Nxd7 37. Ne7 $16 Ng3 38. Ng8 Nxh5 39. Nxh6 Nhf6 40. Nf7 Kb6 41. Be6 $1 (41.
Nc4+ Kc5 42. Ncxe5 Nxe5 43. Nxe5 Kd4 $16) 41... Kc5 42. Bxd7 Nxd7 43. Kc3 $18 {
[/\44.Nc4]} Bc6 44. Nc4 Nf6 45. Nfxe5 Bxe4 46. fxe4 Nxe4+ 47. Kd3 Kd5 48. Nf3
Nf2+ 49. Kc3 Kc5 50. Ncd2 Nd1+ 51. Kb3 Ne3 52. Ne4+ Kd5 53. Ned2 Kc5 54. c4 a5
55. Ne4+ Kc6 56. Nf2 Kb6 57. Nd3 Ng2 58. Kc3 Kc6 59. a4 Kb6 60. Kd4 Kc6 61. c5
Ne3 62. Nfe5+ 1-0

[Event "Bonn GSK-2"]
[Site "Bonn"]
[Date "1995.??.??"]
[Round "2"]
[White "Gurevich, Mikhail"]
[Black "Kengis, Edvins"]
[Result "1-0"]
[WhiteElo "2585"]
[BlackElo "2565"]
[Annotator "Gurevich,M"]
[PlyCount "121"]
[EventDate "1995.??.??"]
[EventType "tourn"]
[EventRounds "11"]
[EventCountry "GER"]
[EventCategory "7"]
[SourceTitle "EXT 1997"]
[Source "ChessBase"]
[SourceDate "1996.11.15"]
[SourceVersion "1"]
[SourceVersionDate "1996.11.15"]
[SourceQuality "1"]

1. c4 b6 2. d4 Bb7 3. Nc3 e6 4. a3 f5 5. Nf3 Nf6 6. g3 Ne4 7. Bd2 {N} (7. Qc2
Be7 8. Bg2 Nxc3 9. Qxc3 Bf6 10. O-O O-O 11. b4 (11. Be3 d6 12. Rfd1 Qe7 13. h4
Nd7 14. Qc2 Be4 15. Qa4 e5 $132 {Miladinovic,I-Mariano,N Matinhos WJC 1994})
11... c5 12. e3 Nc6 13. Bb2 Qe7 $13 {Twardon,M-Kengis,E Katowice op 1993}) 7...
Be7 8. Bg2 Bf6 9. Rc1 (9. O-O Nc6 10. d5 Na5 $132) 9... Nc6 $5 (9... Bxd4 $6
10. Nxd4 Nxc3 11. Bxb7 $1 Nxd1 12. Rxd1 e5 $5 (12... c6 13. Bxa8 O-O 14. Bb4
$16) (12... Nc6 13. Nxc6 dxc6 14. Bxc6+ Kf7 15. Bc3 $18) 13. Nxf5 (13. Ne6 $5
dxe6 14. Bxa8 $44) 13... Nc6 (13... O-O 14. e4 Nc6 15. Bc3 $36) 14. Nxg7+ Kf7
15. Bc3 (15. Bxc6 dxc6 16. Bc3 Qc8 $1 17. Bxe5 Rg8 $17) 15... Nd4 16. e3 $36
Rb8 17. Bd5+ Kxg7 18. exd4 $44) 10. Be3 (10. d5 Na5 $15) (10. O-O Nxd4 11. Nxd4
Bxd4 12. Nxe4 fxe4 $15) 10... O-O 11. O-O Ne7 12. Nxe4 Bxe4 13. Qd2 {[/\14.Bg5]
} Rb8 $1 {[/\14...b5<=><<]} (13... h6 14. Ne1 Bxg2 15. Nxg2 $14) 14. Bg5 Bxg5 (
14... b5 $5 15. Bxf6 Rxf6 16. c5 $10) 15. Nxg5 Bxg2 16. Kxg2 b5 $13 17. c5 (17.
b3 bxc4 18. bxc4 Rb3 19. Rc3 Qa8+ 20. Nf3 Rfb8 $15) (17. b4 bxc4 18. Rxc4 Nd5
$13) 17... Nd5 18. Nf3 f4 19. Qd3 b4 20. a4 Qe8 $5 {[/\Qe8-h5,Rf8-f6-h6->>>]} (
20... b3 21. Ra1 $5 $14 {(/\22.Ra3)}) 21. Ne5 $1 {[/\22.c6 d6,23.Nd7]} d6 22.
cxd6 cxd6 23. Nf3 {[<->c]} (23. Nc6 $6 Rb7 $15) 23... Qh5 $2 (23... h6 $5 24.
Qe4 (24. b3 Nc3 $15) 24... Rf6 {(/\25...Qxa4)} 25. Qc2 $1 Qh5 26. Qe4 {(/\27.
Rc6)} Qe8 $1 27. Qc2 (27. b3 Nc3 $15) 27... Qh5 28. Qe4 $10) (23... Qxa4 $2 24.
Ng5 $16) 24. Qe4 $1 (24. Rc6 fxg3 25. hxg3 Qg4 $40) 24... Rf6 25. Rc6 $1 $14 {
[/\26.Rfc1<=>]} Rbf8 (25... Rd8 26. Rfc1 Rh6 27. Rc8 $16) (25... fxg3 26. fxg3
Qf5 27. Qxf5 Ne3+ 28. Kf2 Nxf5 29. e3 Rbf8 30. Ke2 $16) (25... Rh6 26. Rfc1
Qh3+ 27. Kg1 fxg3 28. fxg3 Rf8 29. Rc8 $16) 26. Rxd6 Rh6 (26... fxg3 27. fxg3
$16) 27. h4 $1 (27. Rxe6 $4 Qh3+ 28. Kg1 Qxe6 $19) 27... Rg6 28. Rxe6 fxg3 29.
Re5 $2 (29. Rxg6 Nf4+ 30. Kxg3 Nxg6 31. e3 $18) 29... gxf2+ 30. Kxf2 Nf6 $132 {
[#]} 31. Qd5+ $8 (31. Rxh5 $2 Nxe4+ 32. Ke1 Rc6 $19) 31... Nxd5 32. Rxh5 Nf6 $1
(32... Nf4 33. Re5 $16) 33. Rb5 Ng4+ 34. Ke1 Ne3 35. Rf2 (35. Rh1 Rg2 $132)
35... Nc2+ (35... Rc8 $5 36. Ne5 $13 (36. Kd2 Nc4+ 37. Kc1 Nd6+ 38. Rc5 Rxc5+
39. dxc5 Ne4 $15)) 36. Kd2 (36. Kf1 Ne3+ 37. Ke1 Nc2+) 36... Nxd4 37. Rxb4 Rd6
(37... Rg4 $5 38. Rb7 Nxf3+ 39. Rxf3 $10) 38. Kc3 Nxe2+ 39. Rxe2 Rxf3+ 40. Kc2
$10 h5 $6 $138 (40... Rc6+ 41. Kb1 Rc7 $10) 41. Re5 $1 $14 Rc6+ 42. Kb1 g6 (
42... Rh6 43. Rb7 a6 44. Rg5 Rf7 45. Rxf7 Kxf7 46. Ka2 $14) 43. Re7 a6 $4 (
43... Rf7 44. Rxf7 Kxf7 45. Rb7+ Kf6 46. Rxa7 Rc4 47. a5 Rxh4 48. a6 (48. Rb7
Ra4 49. b4 h4 50. Kb2 g5 (50... h3 51. Kb3 Ra1 52. Rh7 $18) 51. Kb3 Ra1 $10)
48... Ra4 49. b3 Ra5 50. Kb2 h4 51. b4 Ra4 (51... Rh5 52. Rc7 h3 53. a7 h2 (
53... Rh8 54. Rh7 Ra8 55. b5 $18) 54. a8=Q $16) 52. Kb3 Ra1 53. Kb2 $10 (53. b5
g5 54. Kb4 (54. Rh7 Kg6 55. Rh8 Kg7 56. Rh5 Kg6 $10) 54... Kg6 $1 (54... h3 55.
Rh7 g4 56. Kc5 Kf5 (56... g3 57. Rxh3 g2 58. Rg3 g1=Q+ 59. Rxg1 Rxg1 60. a7 $18
) 57. Kb6 (57. b6 $4 Ra5+ $19) 57... Kf4 58. Ka7 Kg3 (58... g3 59. Rh4+) 59. b6
Kh2 60. b7 Rb1 61. b8=Q+ Rxb8 62. Kxb8 g3 63. a7 g2 64. a8=Q (64. Rg7 g1=Q 65.
Rxg1 Kxg1 66. a8=Q h2 $10) 64... g1=Q $16) 55. Rc7 h3 $132)) 44. Rb8+ Rf8 45.
Rbb7 Rf4 46. a5 $1 $16 {[/\47.b4,48.Re8+,49.Rxf8,50.b5+-]} Rc5 47. b4 Rcc4 48.
Re8+ Rf8 49. Rxf8+ Kxf8 50. b5 $1 $18 axb5 51. a6 Rxh4 52. a7 Ra4 53. Rb8+ Kg7
54. a8=Q Rxa8 55. Rxa8 h4 56. Kc2 g5 57. Kd3 h3 58. Ke4 g4 59. Kf4 h2 60. Ra1
Kf6 61. Rh1 (61. Re1 $1) (61. Rh1 Ke6 62. Rxh2 Kd5 63. Kxg4 b4 64. Kf3 Kd4 65.
Ke2 Kc3 66. Kd1 $18) 1-0